| 000 | 00397nam a2200157Ia 4500 | ||
|---|---|---|---|
| 008 | 230312s9999||||xx |||||||||||||| ||und|| | ||
| 020 | _a81-906079-4-0 | ||
| 082 |
_a362.942 _bPAR-P |
||
| 100 | _aPark,K | ||
| 245 | 0 | _aPark's Textbook of Preventive and Social Medicine | |
| 260 |
_bBanarsidas Bhanot _aIndia _c2009 |
||
| 300 | _a832 | ||
| 546 | _aEng. | ||
| 650 |
_aMedical _vMedicine |
||
| 942 | _cBK | ||
| 999 |
_c6489 _d6489 |
||